Verificación de las proporciones para morteros de pega indicadas en el Código Sísmico de Costa Rica 2002
Збережено в:
| Автор: | |
|---|---|
| Формат: | Книга |
| Опубліковано: |
[San José, Costa Rica]
2007
|
| Предмети: | |
| Теги: |
Додати тег
Немає тегів, Будьте першим, хто поставить тег для цього запису!
|
MARC
| LEADER | 00000nam a2200000Ia 4500 | ||
|---|---|---|---|
| 003 | 009910 | ||
| 005 | 20221231144109.0 | ||
| 008 | 140114s2007 cr a 000 ||s d | ||
| 040 | |c cru CEDI | ||
| 090 | |a TFG 5438 | ||
| 100 | |a Delgado Martínez, Marcela |9 4897 | ||
| 245 | |a Verificación de las proporciones para morteros de pega indicadas en el Código Sísmico de Costa Rica 2002 | ||
| 260 | |c 2007 |b [San José, Costa Rica] | ||
| 300 | |a x, 60 hojas; ilustraciones a color | ||
| 500 | |a Tesis (licenciatura en ingeniería civil)--Universidad de Costa Rica. Escuela de Ingeniería Civil | ||
| 650 | |x ARGAMASA |x MEZCLAS |x AGREGADOS (MATERIALES DE CONSTRUCCION) |x CONSTRUCCIONES ANTISISMICAS |x RESISTENCIA DE MATERIALES |x INVESTIGACIONES |9 4898 | ||
| 942 | |c TFG | ||
| 999 | |c 16837 |d 16837 | ||
